Manual para el tratamiento grupal del incesto y abuso sexual infantil (Registro nro. 4664)

Detalles MARC
000 -Cabecera
Campo de control de longitud fija 00723aam a2200277 4500
005 - Fecha y hora de la última transacción
Campo de control 20260324163929.0
008 - Elementos de longitud fija--Información general
Campo de control de longitud fija 150416b2000 xxu||||| |||| 00| 0 spa d
020 ## - International Standard Book Number
Número Internacional Estándar del Libro (ISBN) 9977251150
041 ## - Idioma
Código de idioma Español
082 ## - Clasificación Decimal Dewey
Número de clasificación 364.153 B334m
100 ## - Entrada principal--Autor personal
Nombre personal Batres Méndez, Gionda
9 (RLIN) 33793
245 ## - Título propiamente dicho
Título Manual para el tratamiento grupal del incesto y abuso sexual infantil
260 ## - Pie de imprenta
Lugar de publicación, distribución, etc. Costa Rica
260 ## - Pie de imprenta
Nombre del editor, distribuidor, etc. Ilanud
260 ## - Pie de imprenta
Fecha de publicación, distribución, etc. 2000
300 ## - Descripción física
Extensión 122 páginas
490 ## - Serie
Título de la Serie Investigación Criminal
650 ## - Materia general
Temática (materia general) DELITOS SEXUALES CONTRA MENORES
650 ## - Materia general
Temática (materia general) INCESTO
650 ## - Materia general
Temática (materia general) ABUSO SEXUAL INFANTIL
650 ## - Materia general
Temática (materia general) TERAPIA
650 ## - Materia general
Temática (materia general) PREVENCIÓN
650 ## - Materia general
Temática (materia general) METODOLOGÍA
650 ## - Materia general
Temática (materia general) GÉNERO
942 ## - Punto de acceso adicional KOHA
Tipo de ítem KOHA Libro
Fuente del sistema de clasificación o colocación Dewey Decimal Classification
Existencias
Signatura completa Código de barras Programa Académico Tipo de ítem
364.153 B334m 9046 Investigación Criminal Libro